00560nam a2200193 a 450000100060000000300090000600800410001502000150005604000280007108200160009910000240011524500860013926000490022530000110027449000250028565000130031065000220032365000210034518285CO-ViMGA141112s2004 ck r 000 u spa d a9586552675 aCO-ViMGAbspacCO-ViMGA04a632.62 V3531 aVelez Ángel, Raul10aPlagas agricolas de impacto economico en Colombia : bbionomia y manejo integrado aMedellin, cUniversidad de Antioquia, c1997 a482 p. aCiencia y Tecnologia14aBIONOMIA14aCONTROL DE PLAGAS14aPLAGAS AGRICOLAS